000
00237 a2200097 4500
001
45866
100
_a
Rules of committees
245
_a
Rules of the game of golf
260
_a
_b
United states golf association
_c
090
_c
28964
_d
28964
942
_a
NUST-CAE
_c
M
_c
21073
999
_c
280939
_d
280939